Vista normal Vista MARC
  • PRESERVACION

Entrada Topical Term

Número de registros utilizados en: 1

001 - CONTROL NUMBER

  • control field: 33272

003 - CONTROL NUMBER IDENTIFIER

  • control field: OSt

005 - DATE AND TIME OF LATEST TRANSACTION

  • control field: 20161121154341.0

008 - FIXED-LENGTH DATA ELEMENTS

  • fixed length control field: 161121|| aca||aabn | a|a d

040 ## - CATALOGING SOURCE

  • Original cataloging agency: OSt
  • Transcribing agency: OSt

150 ## - HEADING--TOPICAL TERM

  • Topical term or geographic name entry element: PRESERVACION

670 ## - SOURCE DATA FOUND

  • Source citation: Work cat.: (OSt)4558: Jornada para el Desarrollo Archivístico (13 a: 2000: San José) 33271, La conservación documental y los diferentes soportes : un reto para los profesionales de la información, 2001